000 00430nam a22001817a 4500
003 CEME
005 20210628205112.0
008 210128b xxu||||| |||| 00| 0 eng d
020 _a81-7648-349-4
040 _c.
082 _a621.042 VAN
100 _aVandana.S
_973896
245 _aAlternative energy
260 _aNEW DELHI
_bA P H
_c2002
300 _aVII,245P
650 _aALTERNATIVE ENERGY
_973897
942 _cBK
_2ddc
999 _c579514
_d579514